000 05194nam a22017537a 4500
003 PE-LiUPU
005 20250813170011.0
008 220920b |||||||| |||| 00| 0 spa d
020 _a9788491135364
040 _aPE-LiUPU
_bspa
_cPE-LiUPU
_erda
082 _223
_a614.4
_bC392g
100 1 _aCelentano, David D.
_eautor
_4aut
245 1 0 _aGordis. Epidemiología /
_cDavid D. Celentano, Moyses Szklo
250 _aSexta edición
264 1 _aBarcelona, España:
_bElsevier,
_c[2020]
300 _aXI, 420 páginas :
_bilustraciones (blanco y negro y color) ;
_c24 centímetros
336 _aTexto
_aImagen fija
_2rdacontent
337 _asin mediación
_2rdamedia
338 _avolumen
_2rdacarrier
500 _a"Incluye versión digital en inglés"--Cubierta
504 _aIncluye referencias bibliográficas e índice
505 _aABORDAJE EPIDEMIOLOGICO DE LA ENFERMEDAD Y LA INTERVENCIÓN – Introducción -- Dinámica de la transmisión de las enfermedades -- La ocurrencia de la enfermedad: I Vigilancia de la enfermedad y medidas de la morbilidad -- La ocurrencia de la enfermedad: II. Mortalidad y otras medidas del impacto de la enfermedad -- Evaluación de la validez y fiabilidad de las pruebas diagnósticas y de cribado -- La historia natural de la enfermedad: formas de expresar el pronóstico -- EMPLEO DE LA EPIDEMIOLOGÍA PARA IDENTIFICAR LAS CAUSAS DE LAS ENFERMEDADES -- Estudios observacionales -- Estudios de cohortes -- Comparación de los estudios de casos y controles y de cohortes -- Valoración de las medidas preventivas y terapéuticas: ensayos aleatorizados -- Ensayos aleatorizados: algunos aspectos adicionales -- Estimación del riesgo existe una asociación? -- Conceptos adicionales sobre el riesgo: estimación de las posibilidades de prevención -- De la asociación a la causalidad: derivación de inferencias a partir de estudios epidemiológicos -- Más sobre inferencias causales: sesgos, confusión e interacción -- Identificación de los factores genéticos y ambientales en la causalidad de la enfermedad -- APLICACIÓN DE LA EPIDEMIOLOGÍA A LA EVALUACIÓN Y AL DESARROLLO DE POLITICAS SANITARIAS -- Uso de la epidemiologia para evaluar los servicios de salud -- Enfoque epidemiológico en la evaluación de los programas de cribado -- Epidemiologia y políticas de salud pública -- Aspectos éticos y profesionales en epidemiologia.
526 _aP203
526 _aP200
526 _aSEG65
526 _aSEG64
526 _aSEG63
526 _aSEG62
526 _aSEG61
526 _aSEG60
526 _aSEG59
526 _aSEG58
526 _aSEG57
526 _aSEG56
526 _aSEG55
526 _aSEG54
526 _aSEG53
526 _aSEG52
526 _aSEG51
526 _aSEG50
526 _aSEG49
526 _aSEG48
526 _aSEG47
526 _aSEG46
526 _aSEG24
526 _aSEG23
526 _aSEG22
526 _aSEG21
526 _aSEG20
526 _aSEG19
526 _aSEG18
526 _aSEG17
526 _aSEG16
526 _aSEG14
526 _aSEG13
526 _aSEG12
526 _aSEG11
526 _aSEG10
526 _aSEG09
526 _aSEG06
526 _aSEG05
526 _aSEG04
526 _aSEG03
526 _aSEG02
526 _aSEG68
526 _aSEG66
526 _aSEG45
526 _aSEG25
526 _aSEG01
526 _aP163
526 _aP162
526 _aP161
526 _aP160
526 _aP159
526 _aP158
526 _aP157
526 _aP156
526 _aP155
526 _aP154
526 _aP153
526 _aP152
526 _aP151
526 _aP150
526 _aP149
526 _aP142
526 _aP141
526 _aP140
526 _aP139
526 _aP138
526 _aP137
526 _aP132
526 _aP131
526 _aP130
526 _aP126
526 _aP125
526 _aP124
526 _aP123
526 _aP115
526 _aP122
526 _aP121
526 _aP116
526 _a P114
526 _aP112
526 _aP111
526 _aP104
526 _aP103
526 _aP102
526 _aP101
526 _aP100
526 _aP96
526 _aP95
526 _aP93
526 _aP92
526 _aP91
526 _aP88
526 _aP83
526 _aP82
526 _aP79
526 _aP78
526 _aP75
526 _aP74
526 _aP71
526 _aP69
526 _a P51
526 _aP49
526 _aP48
526 _aP47
526 _aP33
526 _aP31
526 _a P30
526 _aP29
526 _aP27
526 _aP26
526 _aP25
526 _aP24
526 _a P22
526 _aP10
526 _aP09
526 _a P08
526 _aP06
526 _aP05
526 _aP04
526 _aP01
530 _aDisponible también en formato digital
650 7 _aEpidemiología
_2embne
700 1 _aSzklo, Moyses
_eautor
_4aut
942 _2ddc
_cBOOK
_n0
980 _618226
_aJaime Vilcazán
_81
_gALBERTO SANCHEZ Responsable de Automatización
999 _c61588
_d61588